স্বনির্ভর উচ্চতর বিশুদ্ধ ভাষা শিক্ষা / (Record no. 4381)
[ view plain ]
| 000 -LEADER | |
|---|---|
| fixed length control field | 00817nam a2200229 a 4500 |
| 001 - CONTROL NUMBER | |
| JCCL Control Number | 4381 |
| 003 - CONTROL NUMBER IDENTIFIER | |
| JCCL marc code | BD-JhCC |
| 005 - DATE AND TIME OF LATEST TRANSACTION | |
| control field | 20220313134022.0 |
| 008 - FIXED-LENGTH DATA ELEMENTS--GENERAL INFORMATION | |
| fixed length control field | 171126s20002002b |||| || | 000 0 b d |
| 035 ## - SYSTEM CONTROL NUMBER | |
| system control number | (BD-JhCC)4381 |
| 040 ## - CATALOGING SOURCE | |
| Original cataloging agency | BD-JhCC |
| Modifying agency | BD-JhCC |
| 041 ## - LANGUAGE CODE | |
| Language code of Book | ben |
| 082 ## - DEWEY DECIMAL CLASSIFICATION NUMBER | |
| Classification number | 491.44 |
| Author mark and Year | VHA 2002 |
| 245 ## - TITLE STATEMENT | |
| Title | স্বনির্ভর উচ্চতর বিশুদ্ধ ভাষা শিক্ষা / |
| Statement of responsibility, etc | সম্পাদনায় ড. হায়াৎ মামুদ, |
| 260 ## - PUBLICATION, DISTRIBUTION, ETC. (IMPRINT) | |
| Place of publication, distribution, etc | ঢাকা : |
| Name of publisher, distributor, etc | দি এ্যাটলাস পাবলিশিং হাউস-ঢাকা, |
| Date of publication, distribution, etc | 2002, |
| 300 ## - PHYSICAL DESCRIPTION | |
| Pagination | Verious pages. : |
| Dimensions | 24 cm. |
| 650 ## - SUBJECT ADDED ENTRY--TOPICAL TERM | |
| Topical term or geographic name as entry element | Bengali Language |
| 650 ## - SUBJECT ADDED ENTRY--TOPICAL TERM | |
| Topical term or geographic name as entry element | Bengali Grammer |
| 700 ## - ADDED ENTRY--PERSONAL NAME | |
| Personal name | মামুদ, ড. হায়াৎ |
| 942 ## - ADDED ENTRY ELEMENTS (KOHA) | |
| Source of classification or shelving scheme | Dewey Decimal Classification |
| Koha item type | Books |
| Koha issues (borrowed), all copies | 2 |
| Source of classification or shelving scheme | Damaged status | Not for loan | Home library | Current library | Date of accession | Cost, normal purchase price | Total Checkouts | Full call number | Barcode | Date last seen | Date checked out | Copy number | Koha item type | Shelving location | Checked out |
|---|---|---|---|---|---|---|---|---|---|---|---|---|---|---|---|
| Dewey Decimal Classification | JCC Rouf Library | JCC Rouf Library | 11/26/2017 | 6204.00 | 2 | 491.44 VHA 2002 | 6204 | 09/09/2024 | 09/08/2024 | C-1 | Books | ||||
| Dewey Decimal Classification | JCC Rouf Library | JCC Rouf Library | 12/28/2017 | 396.00 | 491.44 VHA 2002 | 8203 | 12/28/2017 | C - 2 | Books | General Stacks | |||||
| Dewey Decimal Classification | JCC Rouf Library | JCC Rouf Library | 03/11/2018 | 196.00 | 1 | 491.44 VHA 2002 | 12344 | 06/19/2023 | 06/19/2023 | C-3 | Books | General Stacks | 07/24/2023 | ||
| Dewey Decimal Classification | JCC Rouf Library | JCC Rouf Library | 03/11/2018 | 258.00 | 2 | 491.44 VHA 2002 | 12359 | 12/17/2024 | 12/15/2024 | C-4 | Books | Children's Area |